000 00579nam a2200241Ia 4500
003 OSt
005 20221005133013.0
006 a|||||r|||| 00| 0
007 ta
008 221004b |||||||| |||| 00| 0 tam d
024 _a52139
037 _cTextual
040 _aCRL
_cCRL
_btam
041 _2tam
_atam
082 _aV2:51wM97, 31L7
100 _aShanmugam
_9627930
245 0 _aVeerar netaji
260 _c1977
300 _a128p.
_ccm.
650 _aHISTORY
942 _hV2:51wM97, 31L7
_cTEXL
_2cc
999 _c1065437
_d1065437